000 00206nam a22000857a 4500
008 161013b xxu||||| |||| 00| 0 eng d
100 _9818
_aMinnar.D
245 _aMaak Jou eie Kaarjies
260 _aTofelberg
_c1995
999 _c3472
_d3472